00730pam a2200217 a 4500008004100000020002200041245014400063250001200207260004600219300004500265500002000310504004100330650002700371650002100398700002200419700002400441700002000465003000100485005001700486040000900503  a0781715563 (pbk.)00aClinical sonography :ba practical guide /ceditor, Roger C. Sanders ; assistant editor, Nancy Smith Miner, with Joan Campbell ... [et al.] a3rd ed. aPhiladelphia :bLippincott-Raven,cc1998. axv, 613 p. :bill. (some col.) ;c28 cm. aIncludes index. aIncludes bibliographical references. 0aDiagnosis, Ultrasonic. 2aUltrasonography.1 aSanders, Roger C.1 aMiner, Nancy Smith.1 aCampbell, Joan.20230120193604.0 cNUST